000 00519nam a2200169 i 4500
001 69822
003 ES-MaACL
007 t|
008 040712s1984 sp ||||1| spa d
020 _a84-331-0264-8
100 1 _aGarcía Hoz, Víctor.
_954777
245 1 3 _aLa investigación del profesor en el aula /
_cVíctor García Hoz, Ramón Pérez Juste.
260 _aMadrid :
_bEscuela Española,
_c[1984]
300 _a551 p. ;
_c23 cm.
700 1 _aPérez Juste, Ramón.
_990958
852 _aES-MaACL
_jL-9257
_bR.111031
999 _c69822
_d69822